Emmy Comedy Winners by Decade Quiz Stats

Quiz Updated Jun 15, 2017

Challenge
Share
Tweet
Embed
Score 0/7 Timer 03:00
1 Play Today
Decade Emmy Winner % Correct
1990sMurphy Brown, Cheers, Seinfeld, Frasier, Ally McBeal
92.8%
2000sWill & Grace, Sex and the City, Friends, Everybody Loves Raymond, Arrested Development, The Office, 30 Rock
92.8%
1970sMy World and Welcome to It, All in the Family, M*A*S*H, The Mary Tyler Moore Show, Taxi
89.4%
1980sTaxi, Barney Miller, Cheers, The Cosby Show, The Golden Girls, The Wonder Years
89.1%
2010sModern Family, Veep
80.3%
1950sThe Red Skelton Show, I Love Lucy, Make Room for Daddy, The Phil Silvers Show, The Jack Benny Program
79.4%
1960sArt Carney Special, The Jack Benny Program, The Bob Newhart Show, The Dick Van Dyke Show, The Monkees, Get Smart
51.6%

You're not logged in!

Compare scores with friends on all Sporcle quizzes.
Sign Up with Email
OR
Log In

You Might Also Like...

Show Comments

Extras

Top Quizzes Today


Score Distribution

Your Account Isn't Verified!

In order to create a playlist on Sporcle, you need to verify the email address you used during registration. Go to your Sporcle Settings to finish the process.